wikipediaから市町村名クイズPart.2 - Statistics

General Stats
  • This quiz has been taken 5 times
  • The average score is 9 of 15
Answer Stats
Hint Answer % Correct
京都・奈良や伊勢を結ぶ奈良街道・伊賀街道・初瀬街道が通り、古来より都(飛鳥、奈良、京都など)に隣接する地域として、また、交通の要衝として、江戸時代には藤堂家の城下町や伊勢神宮への参宮者の宿場町として栄えてきた。地理的・歴史的背景から京・大和文化の影響を強く受けながらも独自の文化を醸成している。また、市街地は戦災による破壊を免れ、小京都の1つに数えられ、町家と呼ばれる住居が多い。 伊賀市
100%
__町(____ちょう)は、**県西**郡にある町。**県などにも存在する__という地名と区別する意味で、**半島あるいは旧**国の南を意味する「南*」を冠して南*__と呼ばれることもある。古くは奈良時代から、温泉街として有名である。観光業と農業、水産業が経済を支えている。夏の海では小さな熱帯魚と共に泳ぐこともできるほか、沖合いに黒潮が流れているという恩恵もあり、一年を通じて温暖な気候で知られる。南*__温泉や椿温泉(古くから__温泉の奥座敷として知られる)など温泉が多く湧出し、年間を通じて**を中心に観光客が訪れる。南*__空港が所在し、近年は台湾などからのチャーター便が就航している。***などの海水浴場付近を中心に、リゾート施設ほか企業・各種団体などの別荘や保養所が多数集まっている。また、世界遺産にも登録された****の大辺路ルートが2本(富田坂・仏坂)通っており、こちらも観光の対象となっている。 白浜町
100%
__市(____し)は、**県の南西部にある市。**都市圏に属するとともに**県***市との関係も深く、**都市圏の一部でもある。市名は合併前の旧市町名を並べたもので、2020年現在、全てが漢字による5文字の市名は日本で唯一である。古くから**道及び**と**を結ぶ交通の要衝として栄えてきた。市域を東西に貫通する形で山陽自動車道、国道2号、国道190号が通り、国道2号に国道190号が西部で合流している。 山陽小野田市
100%
__村(____むら)は、**県の北部、**海に浮かぶ*島に位置する村。一島一村を形成する自治体(基礎自治体)である。岩船郡に属する。集落は、東岸の内浦と、西岸の釜谷の2つがある。地学的には隆起の激しい島であり、島の北部には海岸段丘が発達している。また1964年(昭和39年)6月16日に発生した**地震の際には、震源に近かったことから島内で1mの隆起が生じた。*島は激しい波にさらされるため、特に大陸側である釜谷の海岸には日本語のみならず朝鮮語、ロシア語、中国語等が書かれた様々な外国製品も流れ着く。大型台風の襲来時には、更に大量の漂着物が集積する。 粟島浦村
100%
中央構造線より南に位置し、黒潮の影響を受けているため気候は温暖な太平洋側気候である。1927年7月22日に最高気温40.2℃を記録し、日本で初めて40℃台を観測した地点で、この記録は現在まで__市の最高気温記録でもある。実際には***市よりも南南東側に位置するが、JR**の**線 の特急列車の終着駅であるため、地元住民以外には**県の最西端の市と思われがちである。 宇和島市
67%
**半島の地峡部に位置する__は日本海側と太平洋側を往来する交通の要衝として重視されている。日本初のワイングラス型漁港として1994年(平成6年)に完成した**漁港などがある。**理科大学***・__キャンパスでは、主に経営学部国際デザイン経営学科の1年生が全寮制で学ぶ。 長万部町
67%
__市(____し)は、**県の北東部に位置する市。**地方のほぼ中央に位置しており、東は**県、北は**県や**県と県境で接する。面積は西日本で最も大きく、全国でも第13位である。 庄原市
67%
県内では最も新しい市で、市内の18%強が在日米軍と海上自衛隊の**基地となっており(同基地総面積の約78%に相当)、騒音問題や財政面などで基地の影響を大きく受ける自治体である。なお、**基地は**の名称を冠しているが、**市はかかわっていない。市内を***新幹線が通過しているが、駅は設置されておらず、「鉄道が通る、駅のない市」である。なお、***新幹線開業前に先行建設され、テスト走行が行われた「モデル線」は、現在の__市・**市境付近の__側に起点があり、報道等で__の名は頻繁に登場していた。 綾瀬市
67%
__市(____し)は、**県の中西部に位置する市。 **県では**市に次ぐ第二の都市であり、中・西*地域の中心都市である。 中心には__城があり、__市の象徴となっている。また__うちわの製造が伝統産業で、生産量は全国の9割を占めている。 丸亀市
67%
__市(____し)は、**県南東部に位置する市。海域公園と海岸部は南**国定公園に指定されている。1958年(昭和33年)市制施行。リゾート地として知られ、快水浴場百選、日本の水浴場88選、日本の渚百選に選定されている守谷海水浴場などがある。__は古くから漁師町として栄えた。中心部の__地区にある__漁港は**漁港に次いで**県第2位の漁獲量であり、カツオの漁獲量は**地方の漁港では最大である。日本三大朝市のひとつである__朝市や、____ビッグひな祭りなど、祭事・催事も盛んである。**地方の市で最も人口が少なく、唯一2万人を割っている。また県内の***町、***町、*町よりも人口が少ない。2014年(平成26年)3月31日には総務省から過疎地域に指定された[22]。 勝浦市
67%
町域は旧**町・旧**村の部分と旧**村の部分に二分されており、**町を挟んで飛地となっている。前者は**湾の入口にあたる**海峡に面しており、後者は**海峡北端部を占めており**海峡に面する。 外ヶ浜町
33%
奥**と呼ばれる東**地方北部に位置し、**県や**県と接する。16世紀までは賀茂郡(加茂郡)に属していた。**県で最も人口の少ない自治体。**郡**村とともに**県に2つある村の一つ。村内に鉄道は走っていない。なお、***ダム完成前まで、天竜川左岸の**県**郡***村(現・**市**区)に国鉄**線__口駅があり、南東部の分地地区への玄関となっていた。 村役場の最寄り駅はJR**の**線**駅であり、**駅からは__村中心部に向かって**町営バスと__村営バスが運行されている。 豊根村
33%
**半島を**町と二分しており、**海峡を挟んで**島と対峙している。標高167メートルの高台に、「__**展望塔」が設けられている。海岸線から標高差が大きいため平地が少なく、川沿いに広がる平地と、海岸沿いの平地に集落を形成している。海岸線は何箇所かの難所があるものの徒歩により**岬へ到達することが可能となっている 羅臼町
33%
島中央から少し東にずれたところにある標高172.2 mの城山(ぐすくやま)は本島からもよく見え、__島タッチューの愛称で親しまれている。産業は主に農業、漁業から成り立っている。**港からもフェリーで30分あまりということもあり、「日帰り可能な離島」としての人気も高い。また、戦争に関する施設・史跡もあることから県内外からの修学旅行の需要も多い。 伊江村
0%
市名は**国の国府の外港(国津)であったことに由来する。**木綿の集散地となった江戸時代に真田紐をはじめとした繊維産業が興ると、これを地盤に明治以降毛布の製造が始まり、毛布のまちとして発展した。現在も国内産毛布においては9割超のシェアを占める。港湾も昭和初期に近代化され、**北臨海工業地帯の一角を占め、近年は物流拠点としての性格も強めてきている。港湾や中心駅の再開発が進み、人口は2000年代前半までは増加傾向にあったが、平成17年(2005年)以降は減少傾向にある。__港 - 新**港を**フェリーが就航している。 泉大津市
0%
No matching quizzes found
Score Distribution
Percent of People with Each Score
Percentile by Number Answered
Your Score History
You have not taken this quiz